| 000 | 01076nam a22001697a 4500 | ||
|---|---|---|---|
| 999 |
_c26563 _d26563 |
||
| 003 | BDDh-ASL | ||
| 005 | 20231015030646.0 | ||
| 008 | 211014n ii ||||| |||| 00| 0 u d | ||
| 040 |
_aBDDh-ASL _cBDDh-ASL |
||
| 082 |
_a297.4 _bALS |
||
| 100 | 1 |
_95002 _aAli, Shah Ahmad |
|
| 245 | 1 | 0 | _aSaiful Gausul Azam : / سيف الغوث الاعظم |
| 260 |
_aCalcutta : _bGausia Press , |
||
| 300 |
_a68 p. : _c23 cm. |
||
| 650 | 0 |
_aSufism, ˈso͞ofˌizəm, সুফিবাদ, Suphibāda, রহস্যবাদ, obscurantism, সুফি-পীর-দরবেশ, Suphi-pīra-darabēśa, Sufi-pir-dervish, পীর-দরবেশ, Pīra-darabēśa, Peer-Darbesh, ওলী-আউলিয়ার, Ōlī-ā'uliẏāra, Oli-Auliar, yogi, ˈyōɡē, যোগী, Yōgī, সন্ন্যাসী, Sann'yāsī, monastic, ভিক্ষু, ধর্মার্থ মঠবাসী ব্যক্তি, recluse, monk, নির্জনবাসী ব্যক্তি, saint, sānt, সাধু, Sādhu, সন্ত, patron saint _92764 |
|
| 942 |
_2ddc _cBK |
||